<?xml version="1.0" encoding="UTF-8"?>
<record
    xmlns:xsi="http://www.w3.org/2001/XMLSchema-instance"
    xsi:schemaLocation="http://www.loc.gov/MARC21/slim http://www.loc.gov/standards/marcxml/schema/MARC21slim.xsd"
    xmlns="http://www.loc.gov/MARC21/slim">

  <leader>01952nam a22003137a 4500</leader>
  <controlfield tag="005">20110627144843.0</controlfield>
  <datafield tag="010" ind1=" " ind2=" ">
    <subfield code="a">ENG-102667  B-448491-495</subfield>
  </datafield>
  <datafield tag="020" ind1=" " ind2=" ">
    <subfield code="c">950.00</subfield>
    <subfield code="a">9788175415355</subfield>
  </datafield>
  <datafield tag="035" ind1=" " ind2=" ">
    <subfield code="a">EN-86200   B-448491-495</subfield>
  </datafield>
  <datafield tag="037" ind1=" " ind2=" ">
    <subfield code="b">DBAD / PUB</subfield>
  </datafield>
  <datafield tag="037" ind1=" " ind2=" ">
    <subfield code="b">K.K.Pub/Ven</subfield>
  </datafield>
  <datafield tag="082" ind1=" " ind2=" ">
    <subfield code="a">327.5404</subfield>
  </datafield>
  <datafield tag="245" ind1=" " ind2=" ">
    <subfield code="a">Changing world order :</subfield>
    <subfield code="c">edited by B. Krishnamurthy [and] Geetha Ganapathy-Dore</subfield>
    <subfield code="b">India, EU and US-a trialogue /</subfield>
  </datafield>
  <datafield tag="260" ind1=" " ind2=" ">
    <subfield code="a">Delhi</subfield>
    <subfield code="b">Shipra Publications</subfield>
    <subfield code="c">2009</subfield>
  </datafield>
  <datafield tag="270" ind1=" " ind2=" ">
    <subfield code="a">115-A, Vikas Marg, Shakarpur</subfield>
    <subfield code="b">Delhi</subfield>
    <subfield code="e">110092</subfield>
  </datafield>
  <datafield tag="300" ind1=" " ind2=" ">
    <subfield code="a">ix,342p. </subfield>
    <subfield code="c">22cm (Hb) </subfield>
  </datafield>
  <datafield tag="500" ind1=" " ind2=" ">
    <subfield code="a">Includes index.</subfield>
  </datafield>
  <datafield tag="700" ind1=" " ind2=" ">
    <subfield code="9">28520</subfield>
    <subfield code="a">Krishnamurthy, B.</subfield>
  </datafield>
  <datafield tag="700" ind1=" " ind2=" ">
    <subfield code="a">Ganapathy-Dore, Geetha</subfield>
    <subfield code="9">28859</subfield>
  </datafield>
  <datafield tag="710" ind1=" " ind2=" ">
    <subfield code="9">28535</subfield>
  </datafield>
  <datafield tag="942" ind1=" " ind2=" ">
    <subfield code="2">ddc</subfield>
    <subfield code="c">EN</subfield>
    <subfield code="m">CHA</subfield>
    <subfield code="h">327.5404</subfield>
  </datafield>
  <datafield tag="999" ind1=" " ind2=" ">
    <subfield code="c">53256</subfield>
    <subfield code="d">53256</subfield>
  </datafield>
  <datafield tag="952" ind1=" " ind2=" ">
    <subfield code="0">0</subfield>
    <subfield code="1">0</subfield>
    <subfield code="2">ddc</subfield>
    <subfield code="4">0</subfield>
    <subfield code="7">1</subfield>
    <subfield code="8">NFIC</subfield>
    <subfield code="a">DBAD</subfield>
    <subfield code="b">DBAD</subfield>
    <subfield code="d">2011-06-27</subfield>
    <subfield code="e">DBAD/PUB</subfield>
    <subfield code="g">950.00</subfield>
    <subfield code="l">0</subfield>
    <subfield code="o">327.5404 CHA</subfield>
    <subfield code="p">EN-86200 </subfield>
    <subfield code="r">2011-06-27 00:00:00</subfield>
    <subfield code="t">1</subfield>
    <subfield code="v">950.00</subfield>
    <subfield code="w">2011-06-27</subfield>
    <subfield code="y">EN</subfield>
  </datafield>
  <datafield tag="952" ind1=" " ind2=" ">
    <subfield code="0">0</subfield>
    <subfield code="1">0</subfield>
    <subfield code="4">0</subfield>
    <subfield code="7">0</subfield>
    <subfield code="8">NFIC</subfield>
    <subfield code="a">L</subfield>
    <subfield code="b">L</subfield>
    <subfield code="d">2012-04-09</subfield>
    <subfield code="e">K.K.Pub/1318/23.09.2011/03/23.09.2011/09.11.2011  </subfield>
    <subfield code="g">950.00</subfield>
    <subfield code="l">2</subfield>
    <subfield code="o">327.5404 CHA</subfield>
    <subfield code="p">B-448491</subfield>
    <subfield code="r">2025-01-24 00:00:00</subfield>
    <subfield code="s">2025-01-07</subfield>
    <subfield code="t">1</subfield>
    <subfield code="v">950.00</subfield>
    <subfield code="w">2012-04-09</subfield>
    <subfield code="y">EN</subfield>
  </datafield>
  <datafield tag="952" ind1=" " ind2=" ">
    <subfield code="0">0</subfield>
    <subfield code="1">0</subfield>
    <subfield code="4">0</subfield>
    <subfield code="7">0</subfield>
    <subfield code="8">NFIC</subfield>
    <subfield code="a">BL1</subfield>
    <subfield code="b">BL1</subfield>
    <subfield code="d">2012-04-09</subfield>
    <subfield code="e">K.K.Pub/1318/23.09.2011/03/23.09.2011/09.11.2011  </subfield>
    <subfield code="g">950.00</subfield>
    <subfield code="l">0</subfield>
    <subfield code="o">327.5404 CHA</subfield>
    <subfield code="p">B-448492</subfield>
    <subfield code="r">2012-04-09 00:00:00</subfield>
    <subfield code="t">1</subfield>
    <subfield code="v">950.00</subfield>
    <subfield code="w">2012-04-09</subfield>
    <subfield code="y">EN</subfield>
  </datafield>
  <datafield tag="952" ind1=" " ind2=" ">
    <subfield code="0">0</subfield>
    <subfield code="1">0</subfield>
    <subfield code="4">0</subfield>
    <subfield code="7">0</subfield>
    <subfield code="8">NFIC</subfield>
    <subfield code="a">ZLS</subfield>
    <subfield code="b">ZLS</subfield>
    <subfield code="d">2012-04-09</subfield>
    <subfield code="e">K.K.Pub/1318/23.09.2011/03/23.09.2011/09.11.2011  </subfield>
    <subfield code="g">950.00</subfield>
    <subfield code="l">1</subfield>
    <subfield code="o">327.5404 CHA</subfield>
    <subfield code="p">B-448493</subfield>
    <subfield code="r">2018-08-19 00:00:00</subfield>
    <subfield code="s">2018-08-11</subfield>
    <subfield code="t">1</subfield>
    <subfield code="v">950.00</subfield>
    <subfield code="w">2012-04-09</subfield>
    <subfield code="y">EN</subfield>
  </datafield>
  <datafield tag="952" ind1=" " ind2=" ">
    <subfield code="0">0</subfield>
    <subfield code="1">0</subfield>
    <subfield code="4">0</subfield>
    <subfield code="7">0</subfield>
    <subfield code="8">NFIC</subfield>
    <subfield code="a">BL3</subfield>
    <subfield code="b">BL3</subfield>
    <subfield code="d">2012-04-09</subfield>
    <subfield code="e">K.K.Pub/1318/23.09.2011/03/23.09.2011/09.11.2011  </subfield>
    <subfield code="g">950.00</subfield>
    <subfield code="l">0</subfield>
    <subfield code="o">327.5404 CHA</subfield>
    <subfield code="p">B-448494</subfield>
    <subfield code="r">2012-04-09 00:00:00</subfield>
    <subfield code="t">1</subfield>
    <subfield code="v">950.00</subfield>
    <subfield code="w">2012-04-09</subfield>
    <subfield code="y">EN</subfield>
  </datafield>
  <datafield tag="952" ind1=" " ind2=" ">
    <subfield code="0">0</subfield>
    <subfield code="1">0</subfield>
    <subfield code="4">0</subfield>
    <subfield code="7">0</subfield>
    <subfield code="8">NFIC</subfield>
    <subfield code="a">BL4</subfield>
    <subfield code="b">BL4</subfield>
    <subfield code="d">2012-04-09</subfield>
    <subfield code="e">K.K.Pub/1318/23.09.2011/03/23.09.2011/09.11.2011  </subfield>
    <subfield code="g">950.00</subfield>
    <subfield code="l">0</subfield>
    <subfield code="o">327.5404 CHA</subfield>
    <subfield code="p">B-448495</subfield>
    <subfield code="r">2012-04-09 00:00:00</subfield>
    <subfield code="t">1</subfield>
    <subfield code="v">950.00</subfield>
    <subfield code="w">2012-04-09</subfield>
    <subfield code="y">EN</subfield>
  </datafield>
</record>
